1823 1949 1172 1709 1142 1232 1503 1665 1626 1568 1420 1198 1957 1884 1919 1261 1032 1818 1992 1232 1869 1083 1403 1940 1122 1192 1492 1424 1206 1753 1659 1867 1223 1896 1211 1348 1592 1453 1179 1023 1900 1845 1607 1841 1577 1939 1607 1927 1490 1044 1950 1782 1825 1537 1628 1306 1777 1920 1420 1197 1353 1233 1941 1790 1983 1131 1228 1474 1149 1057 1572 1304 1515 1732 1984 1933 1064 1297 1326 1435 1923 1241 1481 1203 1727 1407 1625 1647 1935 1075 1307 1256 1175 1377 1641 1811 1379 1714 1768 BCNSPRNW ULIB Ver.6.0+V

เปลี่ยนเป็นภาษาไทย

Change to English
 แสดงรายละเอียดบรรณานุกรม
  กลับหน้าหลัก

Brief Record : Get Marc (ISO 2709) : E-mail record : QR code < ปิดหน้าต่าง
LEADER : 00000nam 2200000uu 4500
001    13399112219
003     ULIB
008    110627s2552||||th 000 0 tha d
060  4 WY18.5^bส181ร 2552
110 1  สถาบันพระบรมราชชนก
245 00 รายงานวิจัย การประเมินผลการดำเนินงานการผลิตพยาบาลวิชาชีพเพิ่มเพื่อแก้ไขปัญหาในพื้นที่จังหวัดชายแดนภาคใต้ (2550-2551)/^cสถาบันพระบรมราชชนก
260    นนทบุรี :^bสถาบันพระบรมราชชนก,^c2552
300    141 หน้า
650  7 ชายแดนภาคใต้
945    ^p0^l0^i027775
945    ^p0^l0^i027776
995    ทศพร
999 ^a ใช้งานได้ทุกระบบ
รายการนี้ยังไม่มีแท็ก
คุณยังไม่ได้ล็อกอิน คุณสามารถมีกิจกรรมร่วมกับเว็บไซต์ได้ แต่ต้องล็อกอินก่อน ::
  ล็อกอิน

รายการสื่อสารสนเทศ

ลำดับที่ ประเภท เลขเรียก/บาร์โค้ด สถานที่ สถานะ
- ไม่พบข้อมูล -

รายการใกล้เคียง
    หัวเรื่อง [ชายแดนภาคใต้]

BibComment


ยังไม่เคยถูกคอมเมนท์

คอมเมนท์ทรัพยากรรายการนี้
  คอมเมนท์: รายงานวิจัย การปร..


 Copyright 2026. Bcnsprnw @Library